Нормален изглед
MARC изглед
- Илиева, Лилия Христова
Вход 01. Лично име
001 - Контролен номер на записа
- Контролно поле: 266823
003 - Код на организацията, даваща контролен номер
- Контролно поле: BLK
005 - Дата и час на последна промяна на записа
- Контролно поле: 20240709132812.0
008 - Данни с фиксирана дължина – обща информация
- Данни с фиксирана дължина : 180420|| aca||aabn | a|a d
100 ## - ИМЕ НА ЛИЦЕ -ПЪРВИЧНА ИНТЕЛЕКТУАЛНА ОТГОВОРНОСТ
- Лично име: Илиева, Лилия Христова
- Дати, свързани с автора: 1922 - 2016
372 ## - Сфера на дейност
- Сфера на дейност: Преводач от руски език.
942 ## - Системна служебна употреба
- Koha auth type: PERSO_NAME